000
00281nam a22001217a 4500
003
OSt
008
221118b |||||||| |||| 00| 0 eng d
041
_a
eng
082
_a
370.1523
_b
DEH/AC
100
_a
Dehan, Robert F
_9
5309
245
_a
Accelerated learning programs
942
_c
BK
999
_c
17581
_d
17581